Classroom Exercises for Entrepreneurship <A> Cross-Disciplinary Approach
Gespeichert in:
| 1. Verfasser: | |
|---|---|
| Format: | Buch |
| Sprache: | Englisch |
| Veröffentlicht: |
Cheltenham
Edward Elgar Publishing
2018
|
| Schriftenreihe: | Elgar Guides to Teaching
|
| Schlagworte: | |
| Tags: |
Keine Tags, Fügen Sie das erste Tag hinzu!
|
MARC
| LEADER | 00000nam a2200000 4500 | ||
|---|---|---|---|
| 001 | 0246911 | ||
| 005 | 20240221112619.4 | ||
| 020 | |a 978-1-78897-186-7 | ||
| 041 | 0 | |a eng | |
| 044 | |a GB | ||
| 245 | 1 | 0 | |a Classroom Exercises for Entrepreneurship |b <A> Cross-Disciplinary Approach |c James D. Hart |
| 264 | 1 | |a Cheltenham |b Edward Elgar Publishing |c 2018 | |
| 300 | |a 309 s. | ||
| 490 | 1 | |a Elgar Guides to Teaching | |
| 830 | 0 | |a Elgar Guides to Teaching | |
| 610 | 2 | 0 | |a podnikanie |
| 610 | 2 | 0 | |a vzdelávanie |
| 610 | 2 | 0 | |a politika podnikania |
| 610 | 2 | 0 | |a stratégia podnikateľská |
| 610 | 2 | 0 | |a zručnosti |
| 610 | 2 | 0 | |a kreativita |
| 100 | 1 | |a Hart, James D. | |